| 000 | 00649nam a2200253Ia 4500 | ||
|---|---|---|---|
| 005 | 20250425162055.0 | ||
| 008 | 250425s9999 xx 000 0 und d | ||
| 041 | _aspa | ||
| 043 | _asz | ||
| 082 | _a614.599 3 | ||
| 100 | _aRODRIGUEZ, JORGE ED | ||
| 245 | 0 | _aPROGRAMAS NACIONALES DE SIDA: GUIA PARA LE MONITOREO Y LA EVALUACION | |
| 250 | _aS.E. | ||
| 260 | _aGINEBRA | ||
| 260 |
_aSuiza _bOPS _c2000 |
||
| 300 | _a157 | ||
| 650 | _aEVALUACION DE PROGRAMAS | ||
| 650 | _aSALUD | ||
| 650 | _aSIDA | ||
| 650 | _aVIRUS DE INMUNODEFICIENCIA HUMANA | ||
| 710 | _aORGANIZACION PANAMERICA DE LA SALUD | ||
| 942 | _c01 | ||
| 010 | _a47474 | ||
| 999 |
_c221807 _d221807 |
||